|
|
|
|
| LEADER |
01479nam a2200433 i 4500 |
| 001 |
nkc20253722894 |
| 003 |
CZ PrNK |
| 005 |
20260312124434.0 |
| 007 |
ta |
| 008 |
251203s2025 xr a e f 000 0 cze |
| 015 |
|
|
|a cnb003722894
|
| 020 |
|
|
|a 978-80-7434-813-6
|q (brožováno)
|
| 035 |
|
|
|a (OCoLC)1584376494
|
| 040 |
|
|
|a BOA001
|b cze
|e rda
|
| 072 |
|
7 |
|a 613
|x Hygiena. Lidské zdraví
|2 Konspekt
|9 14
|
| 080 |
|
|
|a 613.22
|2 MRF
|
| 080 |
|
|
|a 613.2
|2 MRF
|
| 080 |
|
|
|a (035)
|2 MRF
|
| 100 |
1 |
|
|a Floriánková, Marcela,
|d 1978-
|7 xx0131601
|4 aut
|
| 245 |
1 |
0 |
|a Výživa dětí od početí k dospělosti /
|c Marcela Floriánková
|
| 250 |
|
|
|a 1. vydání
|
| 264 |
|
1 |
|a Praha :
|b Ministerstvo zemědělství,
|c 2025
|
| 300 |
|
|
|a 79 stran :
|b barevné ilustrace ;
|c 21 cm
|
| 336 |
|
|
|a text
|b txt
|2 rdacontent
|
| 337 |
|
|
|a bez média
|b n
|2 rdamedia
|
| 338 |
|
|
|a svazek
|b nc
|2 rdacarrier
|
| 504 |
|
|
|a Obsahuje bibliografii
|
| 650 |
0 |
7 |
|a výživa dětí
|7 ph135109
|2 czenas
|
| 650 |
0 |
7 |
|a racionální výživa
|7 ph124968
|2 czenas
|
| 650 |
0 |
9 |
|a children's nutrition
|2 eczenas
|
| 650 |
0 |
9 |
|a rational nutrition
|2 eczenas
|
| 655 |
|
7 |
|a příručky
|7 fd133209
|2 czenas
|
| 655 |
|
9 |
|a handbooks and manuals
|2 eczenas
|
| 710 |
1 |
|
|a Česko.
|b Ministerstvo zemědělství
|7 kn20010725025
|4 pbl
|
| 910 |
2 |
|
|a BOA001
|b 2-1555.608
|
| 990 |
|
|
|a BK
|
| 995 |
|
|
|a 01
|
| 991 |
|
|
|b 202602
|c NOV
|
| 996 |
6 |
|
|b 2611023711
|c 2-1555.608
|l MZK
|r Sklad / do 1 hodiny
|n 0
|p p.v.
|w 002031302
|u 000010
|a 1
|e BOA001
|j MZK50
|s P
|